Score 0/15 Timer 01:30
1 Play Today
% Correct
Black
97.5%
Cards
96.9%
Sleepy
95.6%
Agents
94.8%
Brooklyn
94.7%
Morty
94.3%
Bates
93.1%
Dome
90%
% Correct
Inside
88.7%
Hemlock
82.1%
Go
80.5%
Parts
75.1%
History
64.3%
Grandpa
60.2%
Universe
58.3%

Today's Daily Dose

Missing Word
'D' in Video Games

Word Ladder
Lent Begins

Get the Picture
Antz or A Bug's Life?

You're not logged in!

Compare scores with friends on all Sporcle quizzes.
OR
Log In

Sporcle TV

Today on Sporcle TV


Watch our educational content, quiz creation guides, and fun videos on Sporcle TV.

Show Comments

Extras

Top Quizzes Today


Score Distribution

Paid Content

Your Account Isn't Verified!

In order to create a playlist on Sporcle, you need to verify the email address you used during registration. Go to your Sporcle Settings to finish the process.

Report this User

Report this user for behavior that violates our Community Guidelines.

Details: